00926nam a2200181 i 450000100060000000300090000600500170001500700030003200800410003524502240007626000820030030000260038259401330040865000430054185200220058499900170060695201210062356918ES-MaACL20230906163456.0t|031014s1908 sp ||||1| spa d00aCenso Electoral publicado en 1908, procedente de la inscripción verificada el 7 de Octubre de 1907 : bClasificación de los electores de dicho Censo / cDirección General del Instituo Geográfico y Estadístico. aMadrid : b[s.n.], c1908 (fImp. del Instituto Geográfico y Estadístico) aIX, 123 p. ; c33 cm. aPrecede al tit.: Ministerio de Instruccion pública y Bellas Artes. Direccion general del Instituto Geográfico y Estadistico. 4aCensos electorales-zEspaña.9161311 aES-MaACLjC-12361 c56918d56918 00104070aATENEOMbATENEOMcSPALd2008-01-17eSCl0oC-12361p1059772r2023-02-23 00:00:00w2023-02-23yMONOGRAFIA